Pervivencia del antiguo teatro medieval castellano (Record no. 146215)

MARC details
000 -LEADER
campo de control de longitud fija 00742nam a2200217 i 4500
001 - NÚMERO DE CONTROL
campo de control 146215
003 - IDENTIFICADOR DE NÚMERO DE CONTROL
campo de control ES-MaACL
005 - FECHA Y HORA DE LA ÚLTIMA TRANSACCIÓN
campo de control 20250817062559.0
007 - CAMPO FIJO DE DESCRIPCIÓN FÍSICA--INFORMACIÓN GENERAL
campo de control de longitud fija t|
008 - DATOS DE LONGITUD FIJA--INFORMACIÓN GENERAL
campo de control de longitud fija 070905s1981 sp a |||| | spa d
100 1# - ENTRADA PRINCIPAL--NOMBRE DE PERSONA
Nombre de persona Trapero, Maximiano,
Fechas asociadas al nombre 1945-
9 (RLIN) 111229
245 10 - MENCIÓN DEL TÍTULO
Título Pervivencia del antiguo teatro medieval castellano
Resto del título : la pastorada leonesa /
Mención de responsabilidad, etc. Maximiano Trapero.
260 ## - PUBLICACIÓN, DISTRIBUCIÓN, ETC.
Lugar de publicación, distribución, etc. Madrid :
Nombre del editor, distribuidor, etc. Fundación Juan March,
Fecha de publicación, distribución, etc. [1981]
300 ## - DESCRIPCIÓN FÍSICA
Extensión 54 p. :
Otras características físicas il. ;
Dimensiones 21 cm.
490 1# - MENCIÓN DE SERIE
Mención de serie Serie Universitaria ;
Designación de volumen o secuencia 167
650 #4 - PUNTO DE ACCESO ADICIONAL DE MATERIA--TÉRMINO DE MATERIA
Término de materia o nombre geográfico como elemento de entrada Teatro religioso español-
Subdivisión geográfica León-
Subdivisión general Historia y crítica.
9 (RLIN) 169370
710 2# - ENTRADA AGREGADA--NOMBRE DE ENTIDAD CORPORATIVA
Nombre de entidad corporativa o nombre de jurisdicción como elemento de entrada Fundación Juan March
9 (RLIN) 4346
830 0# - PUNTO DE ACCESO ADICIONAL DE SERIE-TÍTULO UNIFORME
Título uniforme Serie Universitaria ;
Designación de volumen o secuencia 167
9 (RLIN) 180747
852 ## - LOCALIZACIÓN
Ubicación ES-MaACL
Número de control de estantería L-1863
Holdings
Estatus retirado Estado de pérdida Estado de daño No para préstamo Biblioteca de origen Biblioteca actual Ubicación en estantería Fecha de adquisición Fuente de adquisición Total de préstamos Signatura topográfica completa Código de barras Visto por última vez Precio de reemplazo Tipo de ítem Koha
        Biblioteca del Ateneo de Madrid Biblioteca del Ateneo de Madrid Depósito 2 17/01/2008     L-1863 1152611 23/02/2023 23/02/2023 Libro impreso